Statistics for Oceanian Groups of Things

Click here to take the quiz!

General Stats

  • This quiz has been taken 131 times
  • The average score is 22 of 41

Answer Stats

Answer% Correct
North Island
95%
South Island
95%
Sydney
86%
English
84%
New South Wales
84%
Queensland
84%
Tasmania
83%
Federated States of Micronesia
82%
New Zealand
80%
Marshall Islands
79%
Micronesia
79%
Solomon Islands
78%
Western Australia
78%
Victoria
77%
Papua New Guinea
76%
Maori
75%
Melbourne
71%
South Australia
66%
O'ahu
64%
Hawai'i
63%
Polynesia
63%
Easter Island
61%
Northern Territory
61%
Australian Capital Territory
56%
Maui
49%
French Polynesia
47%
New Caledonia
46%
Melanesia
42%
Kaua'i
28%
New Zealand Sign Language
27%
Pitcairn
27%
Moloka'i
24%
Viti Levu
24%
Lana'i
21%
Wallis and Futuna
20%
Vanua Levu
16%
Ni'ihau
10%
Henderson
8%
Kaho'olawe
8%
Ducie
6%
Oeno
4%

Score Distribution

Percentile by Number Answered

Percent of People with Each Score

Your Score History

You have not taken this quiz